| 000 | 01824cam a22003734a 4500 | ||
|---|---|---|---|
| 001 | 13815768 | ||
| 005 | 20070410081327.0 | ||
| 008 | 041213s2006 paua bf 001 0 eng | ||
| 010 | _a 2004029627 | ||
| 020 | _a1582554137 (alk. paper) | ||
| 035 | _a(DNLM)101236061 | ||
| 040 |
_aDNLM/DLC _cDLC _dDLC |
||
| 042 | _apcc | ||
| 050 | 0 | 0 |
_aRT48 _b.N853 2006 |
| 060 | 1 | 0 |
_aWY 49 _bN97425 2006 |
| 082 | 0 | 0 |
_a616.075 _222 _bSIG NR |
| 245 | 0 | 0 | _aNurse's Quick Check. Signs & Symptoms / |
| 246 | 3 | 0 | _aSigns & symptoms. |
| 260 |
_aPhiladelphia : _bLippincott Williams & Wilkins, 2006 _cc2006. |
||
| 300 |
_aix, 500 p. : _bill. col. ; _c25 cm. |
||
| 504 | _aIncludes bibliographical references and index. | ||
| 650 | 0 |
_aNursing assessment _vHandbooks, manuals, etc. _923839 |
|
| 650 | 0 |
_aNursing diagnosis _vHandbooks, manuals, etc. _923840 |
|
| 650 | 0 |
_aSymptoms _vHandbooks, manuals, etc. _923841 |
|
| 650 | 1 | 2 |
_aNursing Assessment _vHandbooks. _923842 |
| 650 | 1 | 2 |
_aSigns and Symptoms _vHandbooks. _923843 |
| 710 | 2 |
_aLippincott Williams & Wilkins. _923844 |
|
| 856 | 4 | 1 |
_3Table of contents _uhttp://www.loc.gov/catdir/toc/ecip055/2004029627.html |
| 856 | 4 | 2 |
_3Publisher description _uhttp://www.loc.gov/catdir/enhancements/fy0712/2004029627-d.html |
| 942 |
_2ddc _cBB |
||
| 999 |
_c10882 _d10882 |
||